| 000 | 00314nam a2200121Ia 4500 | ||
|---|---|---|---|
| 008 | 230907s9999||||xx |||||||||||||| ||und|| | ||
| 082 |
_a536.1 _bKER |
||
| 100 |
_aKern, Donald Quentin, _9115977 |
||
| 245 | 0 | _aProcess heat transfer / | |
| 260 |
_aMcGraw-Hill, _bNew York, _c2017 |
||
| 300 | _axii,871p. | ||
| 942 | _cBK | ||
| 999 |
_c600644 _d600644 |
||